书目信息 |
| 题名: |
新编当代翻译理论
|
|
| 作者: | 刘宓庆 著 | |
| 分册: | ||
| 出版信息: | 北京 中国对外翻译出版公司 2005 |
|
| 页数: | 314页 | |
| 开本: | 21cm | |
| 丛书名: | 刘宓庆翻译论著全集 | |
| 单 册: | ||
| 中图分类: | H315.9 | |
| 科图分类: | ||
| 主题词: | 英语--翻译理论 , 英语 , 翻译理论 | |
| 电子资源: | ||
| ISBN: | 7-5001-1436-2 | |
| 000 | 00985oam2 2200289 450 | |
| 001 | 003050170 | |
| 005 | 20060221133500.0 | |
| 010 | @a7-5001-1436-2@dCNY21.00 | |
| 035 | @a003050170 | |
| 100 | @a20060110d2005 em y0chiy0110 ea | |
| 101 | 0 | @achi |
| 102 | @aCN@b110000 | |
| 105 | @aa z 000yy | |
| 106 | @ar | |
| 200 | 1 | @a新编当代翻译理论@Axin bian dang dai fan yi li lun@f刘宓庆著@Fliu mi qing zhu |
| 210 | @a北京@c中国对外翻译出版公司@d2005 | |
| 215 | @a314页@c彩照@d21cm | |
| 225 | 2 | @a刘宓庆翻译论著全集@Aliu mi qing fan yi lun zhu quan ji@v3 |
| 330 | @a本书阐述了翻译理论基本模式、翻译的意义理论和理解理论、翻译过程解析、翻译思维简论、可译性及可译性限度问题、翻译的程序论、翻译的方法论等。 | |
| 461 | 0 | @1001003027610@12001 @a刘宓庆翻译论著全集@v3 |
| 606 | 0 | @a英语@x翻译理论 |
| 606 | 0 | @a英语 |
| 606 | 0 | @a翻译理论 |
| 690 | @aH315.9@v4 | |
| 701 | 0 | @a刘宓庆@Aliu mi qing@f(1939~)@4著 |
| 801 | 0 | @aCN@bNLC@c20060222 |
| 905 | @dH059@e143 @f5 | |
| 新编当代翻译理论/刘宓庆著.-北京:中国对外翻译出版公司,2005 |
| 314页:彩照;21cm.-(刘宓庆翻译论著全集;3) |
| ISBN 7-5001-1436-2:CNY21.00 |
| 本书阐述了翻译理论基本模式、翻译的意义理论和理解理论、翻译过程解析、翻译思维简论、可译性及可译性限度问题、翻译的程序论、翻译的方法论等。 |
| ● |
| 相关链接 |
|
|
|
|
正题名:新编当代翻译理论
索取号:H059/143
 
预约/预借
| 序号 | 登录号 | 条形码 | 馆藏地/架位号 | 状态 | 备注 |
| 1 | 0822802 | 208228023 | 第二样本阅览室/ [索取号:H059/143] | 在馆 | |
| 2 | 0822803 | 208228032 | 第四借阅区/ [索取号:H059/143] | 在馆 | |
| 3 | 0822804 | 208228041 | 第四借阅区/ [索取号:H059/143] | 在馆 | |
| 4 | 0822805 | 208228050 | 第四借阅区/ [索取号:H059/143] | 在馆 | |
| 5 | 0822806 | 208228069 | 第四借阅区/ [索取号:H059/143] | 在馆 | |
| 6 | 0853698 | 208536985 | 第四借阅区/ [索取号:H059/143] | 在馆 | |
| 7 | 0853699 | 208536994 | 第四借阅区/ [索取号:H059/143] | 在馆 | |
| 8 | 0853700 | 208537001 | 第四借阅区/ [索取号:H059/143] | 在馆 | |
| 9 | 0853701 | 208537010 | 第四借阅区/ [索取号:H059/143] | 在馆 | |
| 10 | 0853702 | 208537029 | 第四借阅区/ [索取号:H059/143] | 在馆 |